00366nam a2200157Ia 4500003000400000005001700004008004100021040000700062041000800069082002100077100001900098245002500117260003100142300001200173650002300185OSt20230403113820.0210423s1979 xx 000 0 und d cAL aeng a158.1 223bDYEY aDYER (Wayne W) aYour erroneous zones aLondonbSphere Booksc1979 a253bPB aApplied Psychology